[Event "Skalica Rapid 2020"]
[Site "Skalica"]
[Date "2020.08.29"]
[Round "5.1"]
[White "Striskova, Lucia"]
[Black "Valenta, Vit"]
[Result "1-0"]
[WhiteElo "1706"]
[BlackElo "2127"]
[Annotator "TA"]
[PlyCount "64"]
[EventDate "2020.08.29"]
[EventType "swiss"]
[EventCountry "SVK"]
[SourceTitle "playchess.com"]
[Source "ChessBase"]
[SourceQuality "1"]

{[%evp 17,64,-22,-14,-28,0,-122,-126,-131,-68,-81,-60,-65,-83,-99,-57,-135,-110,-258,-202,-449,-274,-415,-240,-239,-243,-238,-225,-238,-250,-277,-253,-631,-634,-627,-395,-529,-519,-767,-545,-1005,-987,-1027,-947,-967,-978,-5510,-5397,-29981,-29982]} 1. e4 e5 2. Nf3 Nc6 3. d4 exd4 4. Nxd4 Nf6 5. Nxc6 bxc6 6. e5 Qe7 7. Qe2 Nd5 8. c4 Ba6 9. b3 g6 10. Ba3 {C45: Scotch Game.} Nb4 11. Bxb4 (11. Bb2 $1 $11) 11... Qxb4+ $17 {[#]} 12. Nd2 $146 {Black is better.} ({Predecessor:} 12. Qd2 O-O-O 13. Be2 Bc5 14. O-O Qxd2 15. Nxd2 Bd4 16. Rad1 Bxe5 17. Ne4 d6 18. Ng5 {0-1 (48) Neumann,T (1743)-Margraf,D (2265) Verden 2016}) 12... Qc3 (12... O-O-O $17 13. O-O-O d6) 13. Rd1 $15 Bg7 14. f4 O-O 15. g3 d6 {[%cal Rd6e5]} 16. Qf3 (16. Bg2 $1 $15) 16... Qb4 17. exd6 {This move loses the game for White.} (17. Bg2 $17 {was necessary.} dxe5 18. Qxc6) 17... Rfe8+ $19 ({Not} 17... Qxd6 18. Bg2 $17) 18. Kf2 $2 (18. Be2) 18... cxd6 {White must now prevent ...Bd4+.} 19. Be2 (19. Kg2 $142) 19... Qb6+ (19... c5 $142 20. Rhe1 Bb7) 20. Kg2 Re3 21. Qf1 Rae8 22. Bf3 {[#]} d5 $1 {[%mdl 512]} 23. h4 (23. cxd5 Bxf1+) 23... Bc3 24. Nb1 $2 (24. f5) 24... dxc4 25. bxc4 Bd4 26. Nd2 Qb2 27. Kh3 c5 28. Rh2 Bc8+ 29. Bg4 Qb7 {...Bxg4+ is the strong threat.} 30. Bxc8 Qxc8+ 31. Kg2 Qg4 {( -> ...Re2+)} 32. Nf3 {[#]} Rxf3 $1 {[%mdl 33280] Accuracy: White = 20%, Black = 56%. . Loss on time!?} 1-0

[Event "Skalica Rapid 2020"]
[Site "Skalica"]
[Date "2020.08.29"]
[Round "5.2"]
[White "Pechac, Jergus"]
[Black "Pacher Milan"]
[Result "1-0"]
[WhiteElo "2430"]
[BlackElo "2452"]
[Annotator "ChessBase"]
[PlyCount "51"]
[EventDate "2020.08.29"]
[EventType "swiss"]
[EventCountry "SVK"]
[SourceTitle "playchess.com"]
[Source "ChessBase"]
[SourceQuality "1"]
[TimeControl "600+5"]

1. d4 {[%emt 0:00:00]} d5 {[%emt 0:00:00]} 2. Nf3 {[%emt 0:00:00]} Nf6 {[%emt 0:00:00]} 3. Bf4 {[%emt 0:00:05]} e6 {[%emt 0:00:00]} 4. e3 {[%emt 0:00:00]} Bd6 {[%emt 0:00:01]} 5. Nbd2 {[%emt 0:00:00]} O-O {[%emt 0:00:04]} 6. Ne5 {[%emt 0:00:01]} b6 {[%emt 0:00:16]} 7. h4 {[%emt 0:00:02]} c5 {[%emt 0:00:06]} 8. c3 {[%emt 0:00:08]} Qe7 {[%emt 0:00:14]} 9. h5 {[%emt 0:00:07]} Nfd7 {[%emt 0:00:11]} 10. h6 {[%emt 0:00:27]} g6 {[%emt 0:00:03]} 11. Qg4 {[%emt 0:00:05]} Kh8 {[%emt 0:00:54]} 12. Qg3 {[%emt 0:00:17]} Bxe5 {[%emt 0:00:43]} 13. dxe5 {[%emt 0:00:02]} f6 {[%emt 0:00:12]} 14. exf6 {[%emt 0:00:13]} Qxf6 {[%emt 0:00:06]} 15. Nf3 {[%emt 0:00:24]} Kg8 {[%emt 0:00:39]} 16. O-O-O {[%emt 0:01:09]} Nc6 {[%emt 0:00:03]} 17. Bb5 {[%emt 0:00:05]} Bb7 {[%emt 0:00:06]} 18. Bg5 {[%emt 0:00:47]} Qf7 {[%emt 0:00:11]} 19. Rh4 {[%emt 0:00:34]} e5 {[%emt 0:01:03]} 20. Rxd5 {[%emt 0:00:31]} Rae8 {[%emt 0:00:46]} 21. Rd6 {[%emt 0:00:13]} e4 {[%emt 0:00:11]} 22. Rf4 {[%emt 0:00:29]} Qxa2 {[%emt 0:00:25]} 23. Rxd7 {[%emt 0:00:02]} Na5 {[%emt 0:00:48]} 24. Nd2 {[%emt 0:01:30]} Ba6 {[%emt 0:00:30]} 25. Rxf8+ {[%emt 0:00:23]} Rxf8 {[%emt 0:00:03]} 26. Qe5 {[%emt 0:00:04]} 1-0

[Event "Skalica Rapid 2020"]
[Site "Skalica"]
[Date "2020.08.29"]
[Round "5.2"]
[White "Sobek, Michal"]
[Black "Ihnat, Marek"]
[Result "1-0"]
[WhiteElo "2113"]
[BlackElo "1738"]
[Annotator "ChessBase"]
[PlyCount "49"]
[EventDate "2020.08.29"]
[EventType "swiss"]
[EventCountry "SVK"]
[SourceTitle "playchess.com"]
[Source "ChessBase"]
[SourceQuality "1"]
[TimeControl "600+5"]

1. e4 {[%emt 0:00:00]} c5 {[%emt 0:00:00]} 2. Nf3 {[%emt 0:00:00]} Nc6 {[%emt 0:00:00]} 3. d4 {[%emt 0:00:00]} cxd4 {[%emt 0:00:02]} 4. Nxd4 {[%emt 0:00:01]} g6 {[%emt 0:00:14]} 5. c4 {[%emt 0:00:03]} Nf6 {[%emt 0:00:02]} 6. Nc3 {[%emt 0:00:02]} d6 {[%emt 0:00:01]} 7. Be2 {[%emt 0:00:06]} Nxd4 {[%emt 0:00:02]} 8. Qxd4 {[%emt 0:00:04]} Bg7 {[%emt 0:00:01]} 9. Be3 {[%emt 0:00:16]} O-O {[%emt 0:00:03]} 10. Qd2 {[%emt 0:00:01]} a5 {[%emt 0:00:01]} 11. f3 {[%emt 0:00:22]} a4 {[%emt 0:00:01]} 12. O-O {[%emt 0:00:08]} Qa5 {[%emt 0:00:01]} 13. Rab1 {[%emt 0:00:17]} Be6 {[%emt 0:00:14]} 14. b3 {[%emt 0:00:17]} axb3 {[%emt 0:02:23]} 15. axb3 {[%emt 0:00:04]} Rfc8 {[%emt 0:00:07]} 16. f4 {[%emt 0:01:24]} Ng4 {[%emt 0:00:39]} 17. Bd4 {[%emt 0:00:42]} Bxd4+ {[%emt 0:00:32]} 18. Qxd4 {[%emt 0:00:26]} Qc5 {[%emt 0:01:15]} 19. Qxc5 {[%emt 0:00:04]} Rxc5 {[%emt 0:00:00]} 20. f5 {[%emt 0:00:18]} gxf5 {[%emt 0:00:01]} 21. exf5 {[%emt 0:00:01]} Nxh2 {[%emt 0:01:39]} 22. Kxh2 {[%emt 0:00:26]} Bxf5 {[%emt 0:00:06]} 23. Rb2 {[%emt 0:00:23]} Bg6 {[%emt 0:00:24]} 24. Nd5 {[%emt 0:00:15]} e6 {[%emt 0:00:19]} 25. b4 {[%emt 0:00:14]} 1-0

[Event "Skalica Rapid 2020"]
[Site "Skalica"]
[Date "2020.08.29"]
[Round "5.3"]
[White "Vadila, Ondrej"]
[Black "Meszaros, Casey Ryan"]
[Result "1-0"]
[WhiteElo "2057"]
[BlackElo "1478"]
[Annotator "ChessBase"]
[PlyCount "71"]
[EventDate "2020.08.29"]
[EventType "swiss"]
[EventCountry "SVK"]
[SourceTitle "playchess.com"]
[Source "ChessBase"]
[SourceQuality "1"]
[TimeControl "600+5"]

1. e4 {[%emt 0:00:02]} e5 {[%emt 0:00:00]} 2. Nf3 {[%emt 0:00:03]} Nc6 {[%emt 0:00:00]} 3. d4 {[%emt 0:00:01]} exd4 {[%emt 0:00:00]} 4. Nxd4 {[%emt 0:00:02]} Bc5 {[%emt 0:00:01]} 5. Nb3 {[%emt 0:00:01]} Bb6 {[%emt 0:00:01]} 6. Nc3 {[%emt 0:00:02]} d6 {[%emt 0:00:04]} 7. Qe2 {[%emt 0:00:03]} Nf6 {[%emt 0:00:05]} 8. Be3 {[%emt 0:00:02]} O-O {[%emt 0:00:15]} 9. O-O-O {[%emt 0:00:04]} Bxe3+ {[%emt 0:00:07]} 10. Qxe3 {[%emt 0:00:01]} a5 {[%emt 0:00:05]} 11. f3 {[%emt 0:00:25]} a4 {[%emt 0:00:13]} 12. Nd4 {[%emt 0:00:02]} a3 {[%emt 0:00:16]} 13. b3 {[%emt 0:00:01]} Re8 {[%emt 0:00:29]} 14. g4 {[%emt 0:00:22]} Ne5 {[%emt 0:00:33]} 15. Be2 {[%emt 0:00:26]} c6 {[%emt 0:00:19]} 16. h3 {[%emt 0:00:21]} b5 {[%emt 0:00:58]} 17. g5 {[%emt 0:00:04]} Nh5 {[%emt 0:00:14]} 18. f4 {[%emt 0:00:05]} b4 {[%emt 0:00:12]} 19. fxe5 {[%emt 0:00:06]} bxc3 {[%emt 0:00:05]} 20. Bxh5 {[%emt 0:00:03]} dxe5 {[%emt 0:00:19]} 21. Nxc6 {[%emt 0:00:12]} Qc7 {[%emt 0:00:12]} 22. Nb4 {[%emt 0:00:15]} Bb7 {[%emt 0:00:35]} 23. Nd5 {[%emt 0:00:13]} Bxd5 {[%emt 0:00:02]} 24. Rxd5 {[%emt 0:00:02]} Rad8 {[%emt 0:00:18]} 25. Rhd1 {[%emt 0:00:08]} Rxd5 {[%emt 0:00:06]} 26. Rxd5 {[%emt 0:00:02]} Qc6 {[%emt 0:00:39]} 27. Qc5 {[%emt 0:00:20]} Qa6 {[%emt 0:00:13]} 28. Rd3 {[%emt 0:00:09]} Qe6 {[%emt 0:00:14]} 29. Qxc3 {[%emt 0:00:55]} f6 {[%emt 0:00:07]} 30. Bxe8 {[%emt 0:00:06]} Qxe8 {[%emt 0:00:05]} 31. Qc7 {[%emt 0:00:04]} fxg5 {[%emt 0:00:06]} 32. Rd8 {[%emt 0:00:02]} Qxd8 {[%emt 0:00:02]} 33. Qxd8+ {[%emt 0:00:02]} Kf7 {[%emt 0:00:01]} 34. Qxg5 {[%emt 0:00:02]} h6 {[%emt 0:00:01]} 35. Qxe5 {[%emt 0:00:04]} Kg6 {[%emt 0:00:00]} 36. Qf5# 1-0

[Event "Skalica Rapid 2020"]
[Site "Skalica"]
[Date "2020.08.29"]
[Round "5.3"]
[White "Pniaczek, Marek"]
[Black "Manik Mikulas"]
[Result "1/2-1/2"]
[WhiteElo "1969"]
[BlackElo "2313"]
[Annotator "ChessBase"]
[PlyCount "51"]
[EventDate "2020.08.29"]
[EventType "swiss"]
[EventCountry "SVK"]
[SourceTitle "playchess.com"]
[Source "ChessBase"]
[SourceQuality "1"]
[TimeControl "600+5"]

1. e4 {[%emt 0:00:00]} c5 {[%emt 0:01:34]} 2. Nf3 {[%emt 0:00:00]} d6 {[%emt 0:00:02]} 3. Bb5+ {[%emt 0:00:00]} Nd7 {[%emt 0:00:01]} 4. d4 {[%emt 0:00:01]} cxd4 {[%emt 0:00:02]} 5. Qxd4 {[%emt 0:00:02]} a6 {[%emt 0:00:03]} 6. Bxd7+ {[%emt 0:00:01]} Bxd7 {[%emt 0:00:01]} 7. O-O {[%emt 0:00:02]} Rc8 {[%emt 0:00:02]} 8. c4 {[%emt 0:00:01]} e5 {[%emt 0:00:17]} 9. Qd3 {[%emt 0:00:01]} h6 {[%emt 0:00:10]} 10. Nc3 {[%emt 0:00:13]} Nf6 {[%emt 0:00:04]} 11. b3 {[%emt 0:00:18]} Be7 {[%emt 0:00:02]} 12. Ba3 {[%emt 0:00:23]} Qa5 {[%emt 0:00:05]} 13. Bb2 {[%emt 0:00:40]} O-O {[%emt 0:00:17]} 14. Rfd1 {[%emt 0:00:07]} Rfd8 {[%emt 0:00:38]} 15. a4 {[%emt 0:00:44]} Be6 {[%emt 0:00:12]} 16. Ba3 {[%emt 0:00:16]} Bf8 {[%emt 0:00:22]} 17. Rac1 {[%emt 0:00:55]} Qb6 {[%emt 0:00:07]} 18. Rb1 {[%emt 0:00:23]} g6 {[%emt 0:00:27]} 19. h3 {[%emt 0:00:09]} Kg7 {[%emt 0:00:52]} 20. Rd2 {[%emt 0:00:31]} Rd7 {[%emt 0:00:43]} 21. Qc2 {[%emt 0:00:40]} Rdd8 {[%emt 0:00:18]} 22. Rbd1 {[%emt 0:00:08]} Rd7 {[%emt 0:00:14]} 23. Rd3 {[%emt 0:01:03]} Rdd8 {[%emt 0:00:04]} 24. R1d2 {[%emt 0:01:02]} Rd7 {[%emt 0:00:09]} 25. Qd1 {[%emt 0:00:03]} Rcd8 {[%emt 0:00:12]} 26. Qc2 {[%emt 0:00:32]} 1/2-1/2

[Event "Skalica Rapid 2020"]
[Site "Skalica"]
[Date "2020.08.29"]
[Round "5.4"]
[White "Samoun Florent"]
[Black "Kubat, Pavel"]
[Result "1-0"]
[WhiteElo "2228"]
[BlackElo "2066"]
[Annotator "ChessBase"]
[PlyCount "105"]
[EventDate "2020.08.29"]
[EventType "swiss"]
[EventCountry "SVK"]
[SourceTitle "playchess.com"]
[Source "ChessBase"]
[SourceQuality "1"]
[TimeControl "600+5"]

1. e4 {[%emt 0:00:00]} d6 {[%emt 0:00:00]} 2. Nc3 {[%emt 0:00:04]} Nf6 {[%emt 0:00:07]} 3. b3 {[%emt 0:00:11]} e5 {[%emt 0:00:09]} 4. Bb2 {[%emt 0:00:00]} Be7 {[%emt 0:00:02]} 5. d4 {[%emt 0:00:05]} O-O {[%emt 0:00:27]} 6. Nf3 {[%emt 0:00:08]} Bg4 {[%emt 0:01:18]} 7. dxe5 {[%emt 0:00:45]} Bxf3 {[%emt 0:00:03]} 8. Qxf3 {[%emt 0:00:09]} dxe5 {[%emt 0:00:02]} 9. Rd1 {[%emt 0:00:09]} Nbd7 {[%emt 0:01:28]} 10. Be2 {[%emt 0:04:01]} a6 {[%emt 0:01:22]} 11. O-O {[%emt 0:00:08]} Bd6 {[%emt 0:00:02]} 12. Rfe1 {[%emt 0:00:44]} Qe7 {[%emt 0:00:03]} 13. Bf1 {[%emt 0:00:12]} c6 {[%emt 0:00:11]} 14. Ne2 {[%emt 0:00:17]} Ba3 {[%emt 0:01:31]} 15. Ba1 {[%emt 0:00:29]} Bb4 {[%emt 0:00:06]} 16. c3 {[%emt 0:00:03]} Bc5 {[%emt 0:00:07]} 17. Ng3 {[%emt 0:00:05]} g6 {[%emt 0:00:22]} 18. Bb2 {[%emt 0:00:27]} Ba3 {[%emt 0:00:11]} 19. Bxa3 {[%emt 0:01:04]} Qxa3 {[%emt 0:00:02]} 20. Rd2 {[%emt 0:00:03]} Qe7 {[%emt 0:00:44]} 21. Red1 {[%emt 0:00:14]} Nc5 {[%emt 0:00:02]} 22. b4 {[%emt 0:00:41]} Ne6 {[%emt 0:00:02]} 23. Bc4 {[%emt 0:00:13]} Rad8 {[%emt 0:00:02]} 24. Bxe6 {[%emt 0:00:15]} fxe6 {[%emt 0:00:23]} 25. Qe2 {[%emt 0:00:22]} Rxd2 {[%emt 0:00:27]} 26. Qxd2 {[%emt 0:00:12]} Kg7 {[%emt 0:00:45]} 27. f3 {[%emt 0:00:23]} h5 {[%emt 0:00:12]} 28. Nf1 {[%emt 0:00:18]} h4 {[%emt 0:00:05]} 29. Ne3 {[%emt 0:00:09]} h3 {[%emt 0:00:05]} 30. Qd6 {[%emt 0:00:16]} Qxd6 {[%emt 0:00:32]} 31. Rxd6 {[%emt 0:00:02]} Kf7 {[%emt 0:00:08]} 32. Nc4 {[%emt 0:00:02]} Ke7 {[%emt 0:00:02]} 33. Rd2 {[%emt 0:00:10]} Nd7 {[%emt 0:00:04]} 34. Kf2 {[%emt 0:00:11]} hxg2 {[%emt 0:00:02]} 35. Kxg2 {[%emt 0:00:01]} b5 {[%emt 0:00:41]} 36. Ne3 {[%emt 0:00:03]} Nf6 {[%emt 0:00:05]} 37. c4 {[%emt 0:00:12]} Nh5 {[%emt 0:00:01]} 38. cxb5 {[%emt 0:00:06]} axb5 {[%emt 0:00:01]} 39. Ng4 {[%emt 0:00:03]} Nf4+ {[%emt 0:00:13]} 40. Kg3 {[%emt 0:00:01]} Nh5+ {[%emt 0:00:07]} 41. Kf2 {[%emt 0:00:18]} Nf6 {[%emt 0:00:10]} 42. Nxe5 {[%emt 0:00:04]} Nxe4+ {[%emt 0:00:02]} 43. Ke2 {[%emt 0:00:01]} Nxd2 {[%emt 0:00:02]} 44. Nxg6+ {[%emt 0:00:02]} Kf7 {[%emt 0:00:07]} 45. Nxf8 {[%emt 0:00:01]} Nxf3 {[%emt 0:00:17]} 46. Kxf3 {[%emt 0:00:09]} Kxf8 {[%emt 0:00:01]} 47. Ke4 {[%emt 0:00:02]} Ke7 {[%emt 0:00:39]} 48. Ke5 {[%emt 0:00:02]} Kf7 {[%emt 0:00:04]} 49. h4 {[%emt 0:00:01]} Ke7 {[%emt 0:00:16]} 50. h5 {[%emt 0:00:01]} Kf7 {[%emt 0:00:05]} 51. h6 {[%emt 0:00:02]} Kg6 {[%emt 0:00:02]} 52. Kxe6 {[%emt 0:00:01]} Kxh6 {[%emt 0:00:06]} 53. Kd6 {[%emt 0:00:02]} 1-0

[Event "Skalica Rapid 2020"]
[Site "Skalica"]
[Date "2020.08.29"]
[Round "5.4"]
[White "Chlpek, Daniel"]
[Black "Szucs, Vladimir"]
[Result "1-0"]
[WhiteElo "1879"]
[BlackElo "2088"]
[Annotator "ChessBase"]
[PlyCount "135"]
[EventDate "2020.08.29"]
[EventType "swiss"]
[EventCountry "SVK"]
[SourceTitle "playchess.com"]
[Source "ChessBase"]
[SourceQuality "1"]
[TimeControl "600+5"]

1. c4 {[%emt 0:00:00]} Nf6 {[%emt 0:00:01]} 2. Nc3 {[%emt 0:00:00]} g6 {[%emt 0:00:02]} 3. d4 {[%emt 0:00:00]} c5 {[%emt 0:00:00]} 4. d5 {[%emt 0:00:01]} Bg7 {[%emt 0:00:02]} 5. h4 {[%emt 0:00:01]} h5 {[%emt 0:00:03]} 6. e4 {[%emt 0:00:02]} d6 {[%emt 0:00:01]} 7. Be2 {[%emt 0:00:01]} Na6 {[%emt 0:00:02]} 8. Bg5 {[%emt 0:00:03]} Nc7 {[%emt 0:00:02]} 9. Qc2 {[%emt 0:00:07]} a6 {[%emt 0:00:01]} 10. a4 {[%emt 0:00:01]} Rb8 {[%emt 0:00:01]} 11. Nh3 {[%emt 0:00:31]} Bd7 {[%emt 0:00:11]} 12. a5 {[%emt 0:00:01]} b5 {[%emt 0:00:05]} 13. axb6 {[%emt 0:00:02]} Rxb6 {[%emt 0:00:01]} 14. Nf4 {[%emt 0:00:16]} Qb8 {[%emt 0:00:12]} 15. Nd3 {[%emt 0:00:02]} O-O {[%emt 0:00:15]} 16. O-O {[%emt 0:00:01]} e6 {[%emt 0:00:09]} 17. Qd2 {[%emt 0:01:03]} exd5 {[%emt 0:00:09]} 18. exd5 {[%emt 0:00:02]} Re8 {[%emt 0:00:09]} 19. Qf4 {[%emt 0:01:09]} Bf5 {[%emt 0:00:28]} 20. f3 {[%emt 0:00:43]} Rxe2 {[%emt 0:00:40]} 21. Nxe2 {[%emt 0:00:05]} Bxd3 {[%emt 0:00:02]} 22. Bxf6 {[%emt 0:00:12]} Bxf6 {[%emt 0:00:27]} 23. Qxf6 {[%emt 0:00:02]} Bxe2 {[%emt 0:00:13]} 24. Rfe1 {[%emt 0:00:00]} Bxc4 {[%emt 0:01:00]} 25. Re7 {[%emt 0:00:55]} Bxd5 {[%emt 0:00:03]} 26. Rae1 {[%emt 0:00:02]} Qd8 {[%emt 0:01:03]} 27. Re8+ {[%emt 0:00:56]} Qxe8 {[%emt 0:00:02]} 28. Rxe8+ {[%emt 0:00:01]} Nxe8 {[%emt 0:00:01]} 29. Qd8 {[%emt 0:00:03]} Rxb2 {[%emt 0:00:18]} 30. Qxe8+ {[%emt 0:00:02]} Kg7 {[%emt 0:00:01]} 31. Qe7 {[%emt 0:00:05]} Rb6 {[%emt 0:00:48]} 32. g4 {[%emt 0:00:06]} hxg4 33. fxg4 {[%emt 0:00:03]} c4 {[%emt 0:01:41]} 34. g5 {[%emt 0:00:01]} Rc6 {[%emt 0:00:20]} 35. Qf6+ {[%emt 0:00:06]} Kh7 {[%emt 0:00:02]} 36. Qd4 {[%emt 0:00:50]} Be6 {[%emt 0:00:31]} 37. h5 {[%emt 0:00:02]} Rc5 {[%emt 0:00:38]} 38. hxg6+ {[%emt 0:00:21]} Kxg6 {[%emt 0:00:17]} 39. Qf6+ {[%emt 0:00:01]} Kh5 {[%emt 0:00:05]} 40. Qh6+ {[%emt 0:00:01]} Kg4 {[%emt 0:00:03]} 41. g6 {[%emt 0:00:01]} Rh5 {[%emt 0:01:12]} 42. Qe3 {[%emt 0:01:21]} Re5 {[%emt 0:00:15]} 43. Qd4+ {[%emt 0:00:01]} Kh5 {[%emt 0:00:14]} 44. g7 {[%emt 0:00:03]} Rg5+ {[%emt 0:00:05]} 45. Kh2 {[%emt 0:00:14]} d5 {[%emt 0:00:25]} 46. Qf6 {[%emt 0:00:29]} Rg4 {[%emt 0:00:09]} 47. Qf3 {[%emt 0:00:31]} f5 {[%emt 0:00:23]} 48. Kh3 {[%emt 0:00:21]} Kg6 {[%emt 0:00:08]} 49. Qe3 {[%emt 0:00:34]} Re4 {[%emt 0:00:03]} 50. Qg3+ {[%emt 0:00:12]} Kh7 {[%emt 0:00:02]} 51. Qg5 {[%emt 0:00:29]} Rg4 {[%emt 0:00:27]} 52. Qf6 {[%emt 0:00:04]} Rg6 {[%emt 0:00:07]} 53. Qe7 {[%emt 0:00:22]} Bg8 {[%emt 0:00:04]} 54. Kh2 {[%emt 0:00:18]} Rxg7 {[%emt 0:00:07]} 55. Qh4+ {[%emt 0:00:01]} Kg6 {[%emt 0:00:02]} 56. Qg3+ {[%emt 0:00:03]} Kf6 {[%emt 0:00:05]} 57. Qd6+ {[%emt 0:00:05]} Be6 {[%emt 0:00:02]} 58. Qd8+ {[%emt 0:00:11]} Kg6 {[%emt 0:00:02]} 59. Qd6 {[%emt 0:00:07]} Kf6 {[%emt 0:00:04]} 60. Qd8+ {[%emt 0:00:00]} Re7 {[%emt 0:00:09]} 61. Qf8+ {[%emt 0:00:18]} Rf7 {[%emt 0:00:05]} 62. Qd8+ {[%emt 0:00:04]} Kg7 {[%emt 0:00:02]} 63. Qg5+ {[%emt 0:00:02]} Kh8 {[%emt 0:00:04]} 64. Qd8+ {[%emt 0:00:02]} Kg7 {[%emt 0:00:03]} 65. Qg5+ {[%emt 0:00:01]} Kh7 {[%emt 0:00:03]} 66. Qh5+ {[%emt 0:00:02]} Kg8 {[%emt 0:00:01]} 67. Qg6+ {[%emt 0:00:04]} Rg7 {[%emt 0:00:05]} 68. Qxe6+ {[%emt 0:00:01]} 1-0

[Event "Skalica Rapid 2020"]
[Site "Skalica"]
[Date "2020.08.29"]
[Round "5.5"]
[White "Beres, Tomas"]
[Black "Petran, Peter"]
[Result "1/2-1/2"]
[WhiteElo "1956"]
[BlackElo "2219"]
[Annotator "TA"]
[PlyCount "83"]
[EventDate "2020.08.29"]
[EventType "swiss"]
[EventCountry "SVK"]
[SourceTitle "playchess.com"]
[Source "ChessBase"]
[SourceQuality "1"]

{[%evp 9,83,34,49,23,22,-35,-39,-38,4,-18,18,6,5,5,6,-21,-24,-137,-70,-175,-174,-164,-191,-186,-187,-206,-164,-201,-206,-204,-204,-224,-217,-394,-382,-318,-216,-214,-212,-201,-198,-189,-186,-183,-176,-147,-52,-64,-60,-416,-422,-457,-469,-423,-429,-452,-418,-418,-434,-542,-535,-727,-658,-1110,-862,-826,387,358,245,0,0,0,0,2,29993,-54]} 1. e4 g6 2. d4 Bg7 3. c4 Nc6 4. d5 Nd4 5. Nc3 c5 6. Nge2 {A40: Unusual replies to 1 d4.} e5 7. Be3 (7. Rb1 $11) 7... d6 $15 8. Ng3 {Black is slightly better.} Ne7 9. h4 h5 10. Qd2 a6 11. Bd3 {[#]} Bd7 $146 ({Predecessor:} 11... Bg4) 12. f4 b5 13. f5 (13. Rc1 $11) 13... bxc4 (13... gxf5 $17 14. exf5 bxc4) 14. Bxc4 (14. Be2 $1 $15) 14... gxf5 $19 15. exf5 Nexf5 16. Nxf5 Bxf5 17. Bd3 Bg4 18. Bg5 f6 19. Bg6+ Kd7 20. Be3 f5 {Strongly threatening ...Qf6.} 21. Bg5 $2 (21. Bf7) 21... Bf6 22. Bf7 Rb8 23. O-O Qe7 24. Be6+ Nxe6 25. dxe6+ Qxe6 26. Bxf6 Qxf6 27. Ne4 Qe7 ({Better is} 27... Qh6 $17 28. Nxc5+ Ke7 29. Qxh6 Rxh6 30. Nxa6 Rxb2) 28. Nxc5+ $1 $15 Ke8 29. Nxa6 $2 {[%mdl 8192]} (29. Nd3 $15) 29... Qa7+ $19 {[%mdl 64] [#] Double Attack} 30. Kh1 Qxa6 31. a4 Rg8 32. b4 Rg6 33. b5 Qb7 34. Kh2 f4 35. Rac1 Bf5 36. Qe2 Rg4 37. Rc6 Be4 $4 {[%mdl 8192]} (37... Qa7 $19 {[%cal Rg4h4] avoids the disaster.} 38. Rf2 Qxa4) 38. Qxe4 $18 Qe7 ({And not} 38... Rxh4+ 39. Kg1 $16) 39. Qf3 $2 (39. b6 $18 {And now Rc7 would win.} Qxh4+ 40. Kg1) 39... Rxh4+ 40. Kg1 {Black must now prevent Qd5.} Qa7+ 41. Qf2 Ke7 $2 {[%mdl 8192] [#]} (41... Qxf2+ $11 42. Rxf2 Ke7) 42. Rc2 $2 {Accuracy: White = 41%, Black = 62%.} (42. Qxa7+ {mates} Rb7 43. Qxb7+ Ke6 44. Qc8+ Ke7 45. Qc7+ {[%mdl 64] Double Attack} Ke8 46. Rxd6 Rh1+ 47. Kxh1 h4 48. Rd8#) 1/2-1/2

[Event "Skalica Rapid 2020"]
[Site "Skalica"]
[Date "2020.08.29"]
[Round "5.5"]
[White "Sperat Czar, Nicolas"]
[Black "Romanova, Ela"]
[Result "1/2-1/2"]
[WhiteElo "1737"]
[BlackElo "1529"]
[Annotator "NA"]
[PlyCount "80"]
[EventDate "2020.08.29"]
[EventType "swiss"]
[EventCountry "SVK"]
[SourceTitle "playchess.com"]
[Source "ChessBase"]
[SourceQuality "1"]
[TimeControl "600+5"]

1. e4 {[%emt 0:00:00]} c5 {[%emt 0:00:00]} 2. Nf3 {[%emt 0:00:03]} Nc6 {[%emt 0:00:00]} 3. d4 {[%emt 0:00:01]} cxd4 {[%emt 0:00:00]} 4. Nxd4 {[%emt 0:00:07]} g6 {[%emt 0:00:00]} 5. Nc3 {[%emt 0:00:07]} Bg7 {[%emt 0:00:01]} 6. Be3 {[%emt 0:00:03]} Nf6 {[%emt 0:00:07]} 7. Qd2 {[%emt 0:00:31]} O-O {[%emt 0:00:42]} 8. f3 {[%emt 0:00:06]} d5 {[%emt 0:00:10]} 9. Nxc6 {[%emt 0:00:16]} bxc6 {[%emt 0:00:16]} 10. Be2 {[%emt 0:00:58]} Bb7 {[%emt 0:00:19]} 11. O-O {[%emt 0:00:22]} dxe4 {[%emt 0:00:24]} 12. Qxd8 {[%emt 0:00:20]} Rfxd8 {[%emt 0:00:02]} 13. Nxe4 {[%emt 0:00:21]} Nxe4 {[%emt 0:00:06]} 14. fxe4 {[%emt 0:00:02]} a5 {[%emt 0:00:21]} 15. Rad1 {[%emt 0:00:48]} e6 {[%emt 0:00:58]} 16. Bb6 {[%emt 0:00:23]} Rxd1 {[%emt 0:00:18]} 17. Rxd1 {[%emt 0:00:06]} c5 {[%emt 0:00:15]} 18. Bf3 {[%emt 0:00:29]} Bxb2 {[%emt 0:02:30]} 19. Rd7 {[%emt 0:00:32]} Bd4+ {[%emt 0:01:01]} 20. Kh1 {[%emt 0:00:16]} Bc8 {[%emt 0:00:23]} 21. Rc7 {[%emt 0:00:14]} Rb8 {[%emt 0:00:07]} 22. g3 {[%emt 0:00:19]} Rxb6 {[%emt 0:00:36]} 23. Rxc8+ {[%emt 0:00:02]} Kg7 {[%emt 0:00:02]} 24. Ra8 {[%emt 0:00:40]} Bc3 {[%emt 0:00:26]} 25. Be2 {[%emt 0:00:45]} Rb2 {[%emt 0:00:17]} 26. Bd3 {[%emt 0:01:14]} Rxa2 {[%emt 0:00:13]} 27. Kg1 {[%emt 0:00:23]} c4 {[%emt 0:00:30]} 28. Bxc4 {[%emt 0:00:09]} Rxc2 {[%emt 0:00:03]} 29. Bb5 {[%emt 0:00:20]} Rb2 {[%emt 0:01:36]} 30. Ba4 {[%emt 0:00:41]} Rb4 {[%emt 0:00:06]} 31. Bc6 {[%emt 0:00:03]} Rc4 {[%emt 0:00:04]} 32. Be8 {[%emt 0:00:36]} Rxe4 {[%emt 0:00:08]} 33. Kg2 {[%emt 0:00:06]} Kf6 {[%emt 0:00:25]} 34. Ra7 {[%emt 0:00:09]} Ke5 {[%emt 0:00:08]} 35. Rxf7 {[%emt 0:00:30]} a4 {[%emt 0:00:03]} 36. Ra7 {[%emt 0:00:37]} Bb2 {[%emt 0:00:14]} 37. Rxa4 {[%emt 0:00:07]} Rxa4 {[%emt 0:00:02]} 38. Bxa4 {[%emt 0:00:02]} Kd4 {[%emt 0:00:03]} 39. Kf3 {[%emt 0:00:15]} e5 {[%emt 0:00:03]} 40. Bc2 {[%emt 0:00:06]} Bc3 {[%emt 0:00:00]} 1/2-1/2